Le jaune dans la culture populaire - Statistiques

Statistiques générales
  • Ce quiz a été pris 95 fois
  • Le résultat moyen est 4 sur 9
Statistiques - réponses
Indices par description Oeuvres à trouver (musique, films...) % Correct
Chanson des Beatles parue en 1966, composée pour le batteur Ringo Starr, c'est une comptine pour enfants dont la mélodie est à l'origine de deux personnes différentes : celle du couplet par John Lennon et celle du refrain par Paul McCartney. Chanson de l'album Revolver, son titre fait référence à un moyen de transport de la couleur du soleil. Yellow Submarine
82%
Peinture de type huile sur toile, faisant partie de deux séries de tableaux réalisés par le peintre néerlandais Vincent Van Gogh. L'un des tableaux a été crée par l'artiste dans la capitale française lors d'un séjour en 1887. La peinture la plus célèbre de cette série possède comme couleur prédominante le jaune et est exposée à la National Gallery à Londres. Les Tournesols
74%
Personnages d'une série de films d'animation en 3D dont le premier volet est sorti en 2010 et produit par Universal Pictures International et Illumination Entertainment. Etant représentés en très grand nombre et ayant droit à deux films préquels qui leurs sont consacrés, ils ont vite connu un franc succès, à tel point qu'il y a eu une série d'objets dérivés, notamment un jeu mobile. Bien que la production soit américaine, ces personnages sont issus de l'imagination du réalisateur français Pierre Coffin. Aisément reconnaissables grâce à leur couleur jaune et habillés d'une salopette bleue, le vocabulaire de ces petits êtres est issu de plusieurs langues. Les Minions
67%
Oeuvre du peintre autrichien Gustav Klimt exposée au Osterreichische Galerie Belvedere de Vienne, elle a été réalisée de 1808 à 1809, période durant laquelle il est en proie au doute et la solitude. Rapidement, cette oeuvre rejoint le "cycle d'or" de l'artiste. Peinture réalisée à l'aide de feuilles d'or, en hommage à son père qui pratiquait l'activité d'ornement. Ce tableau est également pour symboliser l'amour éternel. Le Baiser
45%
Livre écrit par JK Rowling et Jack Thorne dont la première de couverture est de couleur jaune. Pièce de théâtre ayant été représentée pour la première fois sur scène le 31 juillet 2016 au Palace Theatre de Londres. Souvent considérée comme le huitième tome d'une célèbre saga, son autrice annoncera par la suite que cette histoire la dernière de ladite série. Harry Potter et l'enfant maudit
38%
Roman policier de Gaston Leroux paru en 1907, ce livre raconte la première aventure du reporter Joseph Rouletabille. Publié dans un premier temps dans l'hebdomadaire français L'Illustration lors de la période du 7 septembre au 30 novembre 1907. Roman dont la structure se compose par l'enquête ainsi que de la recherche de vérité. Ce récit raconte l'histoire du journaliste Joseph Rouletabille, qui est réputé pour sa capacité à résoudre des enquêtes difficiles, est missionné au château du Glandier afin d'y éclaircir une agression. Le mystère de la chambre jaune
34%
Film de Quentin Tarantino, divisé en 2 parties en raison de sa longueur. Le premier volet est sorti en 2003 avec Uma Thurman et Daryl Hannah en têtes d'affiche. Long-métrage dont la musique a été composée par le rappeur et compositeur RZA et dont la bande originale contient également un titre de Nancy Sinatra Bang Bang (My baby shot me down). Film racontant l'histoire d'une mariée ayant un passé de tueuse à gages. Kill Bill : Volume 1
26%
Album de musique sorti en 1977, enregistré par le studio londonien Wessex Sound et produit par Chris Thomas et Bill Price. Les chansons sont écrites par trois auteurs : John Lydon, Steve John et Paul Cook entre août 1975 et juin 1976 qui se chargent d'écrire les paroles des 12 morceaux de l'album. Le premier titre de cet album a pour nom "Pretty Vacant". Sa couverture est reconnaissable grâce à son jaune vif. Seul album studio du groupe Sex Pistols, il est pourtant à l'origine de nombreuses problématiques, ce qui ne l'empêche pas de connaître un franc succès auprès du grand public anglo saxon, notamment en étant à la première place des UK Album Charts dès ses premières diffusions. Never mind the bollocks, here's the Sex Pistols
1%
Tableau de Joseph Mallord William Turner, c'est une huile sur toile réalisée en 1805. Oeuvre dont le peintre est connu pour sa maîtrise de la couleur jaune et de ses teintes. Ce tableau mesure 0,156 mètres sur 0,187 mètres et est exposée dans la National Gallery de Londres. Coucher de soleil sur la rivière
0%
Aucun quiz correspondant
Distribution des résultats
% des personnes avec chaque résultat
Percentile par nombre de réponses
Votre historique - résultats
Vous n’avez pas pris ce quiz